000 00456nam a2200157Ia 4500
003 OSt
005 20200605144250.0
008 190216s9999||||xx |||||||||||||| ||und||
040 _coclc
082 _a327
_bJOH/I
100 _aJohari, J C
_91674
245 0 _aInternational Relations And Politics /
_cJ C Johari
260 _bSterling Publications,
_c1985.
_aNew Delhi:
300 _a408p
942 _cBK
_2ddc
_h327
_iJOH/I
_k327
_mJOH/I
999 _c19870
_d19870